00797cam a2200241 i 4500001000300000003000900003005001700012008004100029020001500070040000800085080001100093100003600104240001800140245004500158260003600203300008400239504001200323651003000335856009800365942001200463999001700475952006300492bgKOSZ 00520211029125547.0001010s1999 uk g |000 0 eng d a033376370X cBPK a94(41)1 aDavies, Normand(1939- )eAutor10aIslesl(ang.)10aThe Isles :ba history /cNorman Davies. aLondon :bMacmillan,ccop.1999. aXLII, 1222 s., [16]k. tabl. (w tym kolor.) :bfaks., fot., mapy, nuty ;c24 cm. aIndeks. 4aWielka Brytaniaxhistoria uhttp://koha.tu.koszalin.pl/cgi-bin/koha/opac-detail.pl?biblionumber=38307yKatalog online BPK cKS2UKD c38307d38307 00104071aBPKbBPKceho55772p01512557t94(410) HWByKS